000 00828nas a2200253 4500
001 BR0706188
003 BR-BrBNA
005 20231205111241.0
007 ta
008 230509b bl.|||p| |||| 00| 00por d
040 _aBR-BrBNA
_bpor
_cBiblioteca Nacional de Agricultura
041 _a(Pt)
072 _aQ54
100 1 _aRiccetti, R.V.
100 1 _aBarbuto, O.J.M.
100 1 _aPanetta, J.C.
245 1 _aConsiderações sobre os teores de enzima proteolíticas em bovinos alimentados com concentrados
650 _aENZIMA
650 _aBOI
650 _aALIMENTO CONCENTRADO
773 0 _tRevista da Faculdade de Medicina Veterinária e Zootecnia da Universidade de São Paulo (Brazil)
_xISSN 0303-7525
_g(1972), v. 9 p. 107-134
_wBR0706188
909 _a202311
_bLúcia
_c55
_dLúcia Elande
942 _2AGRIS
_n0
_cANA
999 _c191623
_d191623